000 00846nam a2200265Ia 4500
003 OSt
005 20220928125355.0
006 a|||||r|||| 00| 0
007 ta
008 220927b |||||||| |||| 00| 0 eng d
020 _c4783.607
024 _a101815
037 _b168, 03/11/2009, N.R.Book Distributors
_cTextual
040 _aSDCL
_cSDCL
_beng
041 _2eng
_aeng
082 _aL:423k, QO RR
100 _aMahy Brian W J Ed.
_9469406
245 0 _aDesk Encyclopedia of general virology.
260 _aAmsterdam
_bAcademic Press
_c2010
300 _axvii,644p
_ccm.
650 _aMicrobiology
700 _a Van Regenmortel Marc H V Ed.
_9469407
942 _hL:423k, QO RR
_cTEXL
_2CC
999 _c782066
_d782066